000 00904nam a22003017a 4500
001 5241
003 FISKH
005 20250131081056.0
008 241121b cb ||||| |||| 00| 0 eng d
020 _a0439046211
040 _aFISKH
_beng
_cFISKH
_dFISKH
050 _aPZ7.N964
082 _a813.54
100 _aNumeroff, Laura
_d(1953-)
245 _aIf you give a pig a pancake /
_cBy Laura Numeroff Illustrated by Felicia Bond
250 _aFirst paperback printing in 1999
260 _aNew York :
_bScholastic,
_c1999.
300 _a28 pages :
_bcolor illustrations ;
_c23 cm
505 _aJ
520 _aOne thing leads to another when you give a pig a pancake.
521 8 _a480
_bLexile
521 8 _aJ
_bRaz-Plus
650 _2Cause and effect
_aFiction
650 _2Picture book
_aPancakes
700 _aBond, Felicia
_dIllustrator
942 _2ddc
_cBK
_n0
999 _c5241
_d5241